000 00630nas a2200217 4500
001 BR2012004385
003 BR-BrBNA
005 20231205120726.0
007 ta
008 230509b bl.|||p| |||| 00| 00por d
040 _aBR-BrBNA
_bpor
_cBiblioteca Nacional de Agricultura
041 _a(Pt)
072 _aB50
100 1 _aBackes, A.
245 1 _aBiografia do Prof. Dr. Aloysio Sehnem, S.J.
650 _aBIOGRAFIA
650 _aBOTÂNICA
773 0 _tIheringia. Série Botânica (Brazil)
_xISSN 0073-4705
_g(Mar 1983), v. 30 p. 37-47
_wBR2012004385
909 _a202311
_bLúcia
_c55
_dLúcia Elande
942 _2AGRIS
_n0
_cANA
999 _c219975
_d219975